[Event "Donau Cup op"]
[Site "Budapest"]
[Date "1992.??.??"]
[Round "5"]
[White "Polgar, Sofia"]
[Black "Meszaros, Attila"]
[Result "0-1"]
[WhiteElo "2415"]
[BlackElo "2350"]

1.e4 c5 2.Nf3 Nc6 3.d4 cxd4 4.Nxd4 Nf6 5.Nc3 Rb8 6.Bc4 Qb6 7.Nb3 a6 8.O-O e6
9.Bf4 e5 10.Bg5 Be7 11.a4 O-O 12.Bxf6 Bxf6 13.Nd5 Qd8 14.a5 Bg5 15.Qd3 Kh8
16.g3 d6 17.f4 exf4 18.gxf4 Bh6 19.Kh1 Be6 20.Nb6 Bh3 21.Rf3 Qh4 22.Nd5 Bg4
23.Rff1 f5 24.Nd2 Rbe8 25.Nc7 fxe4 26.Nxe4 Bxf4 27.Ng3 Ne5 28.Qb3 Rc8 29.Ne6 Bxg3
30.Rxf8+ Rxf8 31.Qxg3 Qxg3 32.hxg3 Rf2 33.Bd5 Bxe6  0-1

[Event "Donau Cup op"]
[Site "Budapest"]
[Date "1992.??.??"]
[Round "10"]
[White "Zsinka, Laszlo"]
[Black "Polgar, Sofia"]
[Result "0-1"]
[WhiteElo "2355"]
[BlackElo "2415"]

1.d4 Nf6 2.c4 c5 3.d5 b5 4.a4 b4 5.Nd2 e5 6.g3 d6 7.Bg2 g6 8.e3 Bg7 9.Ne2 O-O
10.O-O a5 11.b3 Bd7 12.Ra2 Qc8 13.f4 exf4 14.gxf4 Bh3 15.Ng3 Ra7 16.Nde4 Nxe4
17.Nxe4 Rd8 18.Qf3 Bg4 19.Qg3 Re7 20.Qh4 Rxe4 21.Bxe4 Re8 22.Bd3 Bf5 23.Bxf5 Qxf5
24.Qf2 Nd7 25.Qc2 Re4 26.Qg2 h6 27.Qf3 Nf6 28.Rg2 Re8 29.Bb2 Qd3 30.e4 Qxe4
31.f5 g5 32.Qxe4 Rxe4 33.Bxf6 Bxf6 34.Rf3 Bc3 35.Rc2 Kg7 36.Kf1 Be5 37.h3 Kf6
38.Re2 Rxe2 39.Kxe2 Bf4  0-1

[Event "Donau Cup op"]
[Site "Budapest"]
[Date "1992.??.??"]
[Round "11"]
[White "Polgar, Sofia"]
[Black "Nemeth, Zoltan"]
[Result "1-0"]
[WhiteElo "2415"]
[BlackElo "2360"]

1.e4 c6 2.d4 d5 3.exd5 cxd5 4.c4 Nf6 5.Nc3 Nc6 6.Bg5 e6 7.c5 Be7 8.Nf3 O-O
9.Bb5 Ne8 10.Bxe7 Nxe7 11.O-O Bd7 12.a4 Bc6 13.b4 a5 14.Bxc6 Nxc6 15.b5 Ne7
16.Rb1 Rc8 17.Qb3 b6 18.Qa3 Ng6 19.g3 Qe7 20.Ne2 bxc5 21.b6 c4 22.Qc3 Nd6
23.Qxa5 Ra8 24.Qb4 Nb7 25.Nc3 Ra6 26.Qb5 Rfa8 27.Rfe1 Qd6 28.Ne5 Nxe5 29.Rxe5 h6
30.f4 g6 31.h4 h5 32.Re2 Kf8 33.Kg2 Ra5 34.Qb2 Qd8 35.Qc1 R5a6 36.Reb2 Kg7
37.Rb4 Rb8 38.f5 exf5 39.Qf4  1-0

[Event "Kecskemet2"]
[Site "Kecskemet"]
[Date "1992.??.??"]
[Round "2"]
[White "Polgar, Sofia"]
[Black "Lyrberg, Patrik"]
[Result "1/2-1/2"]
[WhiteElo "2445"]
[BlackElo "2425"]

1.e4 e6 2.d4 d5 3.Nc3 dxe4 4.Nxe4 Bd7 5.Nf3 Bc6 6.Bd3 Nd7 7.O-O Ngf6 8.Ng3 Be7
9.b3 O-O 10.Bb2 b6 11.Qe2 Bxf3 12.Qxf3 c5 13.Rad1 cxd4 14.Bxd4 Qc7 15.Rfe1 Bb4
16.c3 Bc5 17.Bb1 Rad8 18.Ne2 Bd6 19.h3 Rfe8 20.c4 e5 21.Bb2 e4 22.Qe3 h6
23.Bd4 Re7 24.Nc3 Bf4 25.Qe2 Rde8 26.Qc2 a6 27.g3 Bd6 28.Re3 h5 29.Rde1 Bc5
30.Qd1 Bxd4 31.Qxd4 Nc5 32.Nd5 Nxd5 33.cxd5 a5 34.Bxe4 Qd6 35.Bc2 Rxe3 36.Rxe3 Rd8
37.Re5 g6 38.f4 Nd7 39.Rg5 Rc8 40.Bd3 Rc1+ 41.Kg2 Qe7 42.Qf2 Ra1 43.Kf3 Qf6
44.Qe2 Qc3 45.d6 Re1 46.Qc2 Qd4 47.Be2 Qxd6 48.Bc4 Nf8 49.Qd3 Qxd3+ 50.Bxd3 Ne6
51.Rd5 Nc5 52.Bc4 Rc1 53.f5 Rc3+ 54.Kf4 Kg7 55.fxg6 fxg6 56.h4 a4 57.Rd6 axb3
58.axb3 Nxb3 59.Rd7+ Kh8 60.Bd5 Nc5 61.Ra7 Rd3 62.Bf7 Kg7 63.Bc4+ Rd7 64.Rxd7+ Nxd7
65.Bb5 Nf6 66.Be2 Ng4 67.Kg5 Nh6 68.Ba6 Nf7+ 69.Kf4 Nd6 70.g4 hxg4 71.Kxg4 Kh6
72.Bd3 b5 73.Kf4 b4 74.Ke5 Nf5 75.Kd5 Kh5 76.Kc4 Kxh4 77.Kxb4  1/2-1/2

[Event "Kecskemet2"]
[Site "Kecskemet"]
[Date "1992.??.??"]
[Round "7"]
[White "Polgar, Sofia"]
[Black "Szalanczy, Emil"]
[Result "0-1"]
[WhiteElo "2445"]
[BlackElo "2370"]

1.e4 c5 2.Nf3 d6 3.d4 cxd4 4.Nxd4 Nf6 5.Nc3 g6 6.g3 Nc6 7.Nde2 b6 8.Bg2 Ba6
9.b3 Bg7 10.Bb2 O-O 11.O-O Rc8 12.Rb1 e6 13.Qd2 Qc7 14.a4 Rfd8 15.Rfd1 Ne7
16.Nd4 d5 17.exd5 Nexd5 18.Ncb5 Bxb5 19.axb5 Nc3 20.Bxc3 Qxc3 21.Bc6 Ne4
22.Bxe4 Rxd4 23.Qxc3 Rxc3 24.Rxd4 Bxd4 25.Ra1 Rxg3+ 26.hxg3 Bxa1 27.g4 Kg7
28.Kg2 Kh6 29.Bc6 Kg5 30.Kf3 Bd4 31.Be8 f5 32.gxf5 gxf5 33.Kg3 Be5+ 34.Kg2 Bd6
35.Bc6 Kf4 36.Kf1 e5 37.Bg2 e4 38.Ke2 Bb4 39.c4 Bc5 40.Bh3 h5 41.Kf1 h4 42.Ke2 Ke5
43.Bg2 Kd4 44.Bh3 f4 45.f3 e3 46.Bf5 Kc3 47.Be6 Kc2 48.Bh3 Kxb3 49.Kd3 Kb2
50.Bg2 Kc1 51.Ke2 Kc2 52.Bf1 Bb4 53.Bh3 Kc3  0-1

[Event "Kecskemet2"]
[Site "Kecskemet"]
[Date "1992.??.??"]
[Round "11"]
[White "Polgar, Sofia"]
[Black "Blatny, Pavel"]
[Result "0-1"]
[WhiteElo "2445"]
[BlackElo "2515"]

1.e4 Nf6 2.e5 Nd5 3.d4 d6 4.c4 Nb6 5.exd6 exd6 6.Bd3 Be7 7.h3 Nc6 8.Nf3 Nb4
9.Be2 Bf5 10.Na3 O-O 11.O-O Bf6 12.Be3 a5 13.Qd2 Re8 14.b3 Nd7 15.Rac1 Nf8
16.Nb5 Ng6 17.a3 Nc6 18.d5 Nce5 19.Nfd4 Bc8 20.b4 axb4 21.axb4 c5 22.Nb3 Nh4
23.f4 Neg6 24.Bg4 Qe7 25.Rce1 Bxg4 26.hxg4 cxb4 27.g3 Qe4 28.gxh4 Qxc4 29.N5d4 Bxh4
30.Rc1 Qxd5 31.Nf5 Qxb3 32.Rb1 Qe6 33.Rxb4 Ra2 34.Qd3 Bf6 35.Rxb7 Nh4 36.Bf2 Nxf5
37.gxf5 Qc8 38.Rfb1 Ra8 39.Qd5 Rf8 40.Qxd6 Qxf5 41.Rb8 Be7 42.Qc7 Qg6+  0-1

[Event "New York m"]
[Site "New York"]
[Date "1992.??.??"]
[Round "3"]
[White "Ashley, Maurice"]
[Black "Polgar, Sofia"]
[Result "1-0"]
[WhiteElo "2370"]
[BlackElo "2445"]

1.e4 c5 2.Nf3 e6 3.d4 cxd4 4.Nxd4 a6 5.g3 d5 6.Bg2 dxe4 7.Bxe4 Bc5 8.Be3 Nf6
9.Nc3 e5 10.Ne6 Bxe6 11.Qxd8+ Kxd8 12.Bxc5 Nbd7 13.Bd6 Nxe4 14.Nxe4 Bd5 15.f3 f5
16.O-O-O Bxe4 17.fxe4 fxe4 18.Bxe5 Re8 19.Bxg7 Kc7 20.Bh6 Re6 21.Bf4+ Kc6
22.Rd4 Rae8 23.Rhd1 Nb6 24.Be3 Rf8 25.Rb4 Kc7 26.Bf4+ Kc6 27.Be3 Kc7 28.b3 Rf3
29.Bxb6+ Rxb6 30.Rxe4 Rh6 31.Re7+ Kc6 32.Rd2 Rf1+ 33.Kb2 b5 34.a3 a5 35.Rde2 Rff6
36.Rg7 Rh3 37.Ra7 Kb6 38.Rae7 Rfh6 39.R7e6+ Rxe6 40.Rxe6+ Kc5 41.Ra6 a4 42.b4+ Kd4
43.Rb6  1-0

[Event "New York m"]
[Site "New York"]
[Date "1992.??.??"]
[Round "4"]
[White "Polgar, Sofia"]
[Black "Ashley, Maurice"]
[Result "0-1"]
[WhiteElo "2445"]
[BlackElo "2370"]

1.e4 c5 2.Nf3 d6 3.d4 cxd4 4.Nxd4 Nf6 5.Nc3 Nc6 6.Be2 g6 7.O-O Bg7 8.Nb3 O-O
9.Kh1 Be6 10.f4 Qc8 11.Bd3 d5 12.f5 dxe4 13.fxe6 exd3 14.exf7+ Rxf7 15.Qxd3 Nb4
16.Qe2 Qg4 17.Rf3 e5 18.h3 Qh5 19.a3 Nbd5 20.Bd2 e4 21.Rf2 e3 22.Qxh5 gxh5
23.Rxf6 Bxf6 24.Nxd5 exd2 25.Nxf6+ Rxf6 26.Nxd2 Rf2 27.Ne4 Rxc2 28.Nf6+ Kg7
29.Nxh5+ Kh6 30.Nf6 Rac8  0-1

[Event "New York m"]
[Site "New York"]
[Date "1992.??.??"]
[Round "5"]
[White "Ashley, Maurice"]
[Black "Polgar, Sofia"]
[Result "1/2-1/2"]
[WhiteElo "2370"]
[BlackElo "2445"]

1.e4 c5 2.Nf3 e6 3.d4 cxd4 4.Nxd4 a6 5.Nc3 Qc7 6.g3 Nf6 7.Bg2 d6 8.O-O Be7
9.Re1 O-O 10.Qe2 Nfd7 11.Be3 Nc6 12.Rad1 Rb8 13.Nxc6 bxc6 14.Na4 Bb7 15.c4 c5
16.f4 Bc6 17.Nc3 Qb7 18.Rd2 a5 19.Red1 Nb6 20.b3 a4 21.e5 dxe5 22.fxe5 axb3
23.axb3 Bxg2 24.Qxg2 Qa7 25.Nb5 Qa8 26.Qxa8 Rxa8 27.Nd6 f6 28.exf6 gxf6 29.Bxc5 Nd7
30.Bf2 Ne5 31.Kg2 Ra3 32.Rb2 Rfa8 33.Nb5 Ra2 34.Rdd2 Rxb2 35.Rxb2 Kf7 36.Bd4 Nd3
37.Re2 e5 38.Ba7 Rd8 39.Bb6 Rd7 40.Be3 Bb4 41.Kf1 f5 42.Ra2 Bc5 43.Bxc5 Nxc5
44.b4  1/2-1/2

[Event "New York m"]
[Site "New York"]
[Date "1992.??.??"]
[Round "6"]
[White "Polgar, Sofia"]
[Black "Ashley, Maurice"]
[Result "1-0"]
[WhiteElo "2445"]
[BlackElo "2370"]

1.e4 c5 2.Nf3 d6 3.d4 cxd4 4.Nxd4 Nf6 5.Nc3 Nc6 6.Be3 g6 7.f3 Bg7 8.Qd2 O-O
9.g4 Bxg4 10.fxg4 Nxg4 11.Nb3 a5 12.a4 Rc8 13.O-O-O Nce5 14.Kb1 Nxe3 15.Qxe3 e6
16.Be2 Qc7 17.Nd4 Qc5 18.Qd2 Rfd8 19.Ncb5 d5 20.Nb3 Qe7 21.exd5 Rxd5 22.Qe3 Rxd1+
23.Rxd1 Qh4 24.Nd6 Rf8 25.Qg3 Qb4 26.Bb5 Nc6 27.Nxb7 Ne7 28.N7xa5 Nf5 29.Nc6 Qe4
30.Qd3 Qh4 31.a5  1-0

[Event "Oviedo rapid45"]
[Site "Oviedo"]
[Date "1992.??.??"]
[Round "8"]
[White "Renet, Olivier"]
[Black "Polgar, Sofia"]
[Result "0-1"]
[WhiteElo "2495"]
[BlackElo "2415"]

1.c4 e6 2.Nf3 Nf6 3.g3 d5 4.Bg2 dxc4 5.Qa4+ Nbd7 6.Qxc4 c5 7.Qb3 Rb8 8.d3 Bd6
9.a4 b6 10.Na3 a6 11.Nc4 Bc7 12.Bd2 O-O 13.O-O Bb7 14.Rfc1 e5 15.e4 Qe7 16.Qd1 Rfd8
17.Ne3 Nf8 18.Nf5 Qd7 19.Ra3 Nxe4 20.Bh3 Nxd2 21.Nxd2 Kh8 22.Qf1 Bc8 23.Bg4 Qe8
24.Bh3 g6 25.Ne3 f5 26.Rd1 b5 27.axb5 axb5 28.Bg2 e4 29.Rc3 Ba5 30.Rc2 Rxd3
31.Qe2 Ne6 32.Nef1 Bb7 33.Ra1  0-1

[Event "Oviedo rapid45"]
[Site "Oviedo"]
[Date "1992.??.??"]
[Round "9"]
[White "Polgar, Sofia"]
[Black "Nunn, John DM"]
[Result "0-1"]
[WhiteElo "2415"]
[BlackElo "2615"]

1.e4 c5 2.Nf3 e6 3.d4 cxd4 4.Nxd4 Nf6 5.Nc3 Nc6 6.Ndb5 d6 7.Bf4 e5 8.Bg5 a6
9.Na3 b5 10.Bxf6 gxf6 11.Nd5 Bg7 12.c3 f5 13.Bd3 Be6 14.Qh5 O-O 15.exf5 Bxd5
16.f6 e4 17.fxg7 Re8 18.Bc2 Re5 19.Qh3 b4 20.cxb4 Nxb4 21.O-O Rc8 22.Bb3 Be6
23.Bxe6 Rxe6 24.Qb3 Nd3 25.Nc2 d5 26.Nd4 Rb6 27.Qa3 Qf6 28.Nb3 Qxg7 29.Rad1 Qe5
30.Nc1 Nxb2 31.Rde1 Rc3 32.Qa5 Nc4 33.Qc5 Rh6 34.f4 Qh5 35.h3 Rg6 36.Qc8+ Kg7
37.Kh2 Rxg2+ 38.Kxg2 Ne3+  0-1

[Event "Pila"]
[Site "Pila"]
[Date "1992.??.??"]
[Round "1"]
[White "Tibensky, Robert"]
[Black "Polgar, Sofia"]
[Result "1-0"]
[WhiteElo "2365"]
[BlackElo "2415"]

1.d4 d5 2.c4 e6 3.Nf3 Nf6 4.e3 Nbd7 5.Nc3 c6 6.Qc2 Bd6 7.Bd3 e5 8.cxd5 cxd5
9.dxe5 Nxe5 10.Nxe5 Bxe5 11.Ne2 O-O 12.Bd2 Bg4 13.h3 Rc8 14.Qb3 Bxe2 15.Bxe2 Re8
16.O-O Bb8 17.Rfc1 Qd6 18.g3 Rxc1+ 19.Rxc1 Ne4 20.Be1 Qh6 21.Kg2 Qe6 22.Rd1 Rd8
23.Qxb7 Ng5 24.h4 Qe4+ 25.Kg1 Nh3+ 26.Kh2 Be5 27.Qb3 g5 28.Qd3 Qxh4 29.Kg2 Qh6
30.Bg4 d4 31.Bxh3  1-0

[Event "Pila"]
[Site "Pila"]
[Date "1992.??.??"]
[Round "2"]
[White "Certek, Pavel"]
[Black "Polgar, Sofia"]
[Result "0-1"]
[WhiteElo "2325"]
[BlackElo "2415"]

1.d4 Nf6 2.c4 c5 3.e3 g6 4.Nf3 Bg7 5.Nc3 cxd4 6.exd4 d5 7.Be2 O-O 8.O-O Nc6
9.h3 Be6 10.c5 Ne4 11.Be3 b6 12.Qa4 Nxc3 13.bxc3 Na5 14.cxb6 axb6 15.Qb4 Bf5
16.Rfe1 Qc7 17.Nd2 Rfc8 18.Rac1 Qa7 19.Bf3 Be6 20.Qb5 Qa6 21.Qxa6 Rxa6 22.Bg5 Ra7
23.Rb1 Rxc3 24.Rxb6 Bxd4 25.Rb5 Rc5 26.Rb8+ Kg7 27.Re8 Rc2 28.Rd1 Nc6 29.Bh4 Bd7
30.Nb3 Bxe8 31.Nxd4 Nxd4 32.Rxd4 Rc4  0-1

[Event "Pila"]
[Site "Pila"]
[Date "1992.??.??"]
[Round "7"]
[White "Polgar, Sofia"]
[Black "Meduna, Eduard"]
[Result "1/2-1/2"]
[WhiteElo "2415"]
[BlackElo "2500"]

1.e4 c6 2.d4 d5 3.exd5 cxd5 4.c4 Nf6 5.Nc3 e6 6.Nf3 Be7 7.cxd5 Nxd5 8.Bd3 Nc6
9.O-O Ncb4 10.Bb1 Nf6 11.Bg5 Bd7 12.Bxf6 Bxf6 13.a3 Nc6 14.d5 Ne7 15.d6 Ng6
16.Qe2 Bc6 17.Rd1 O-O 18.Bxg6 hxg6 19.Ne5 Bxe5 20.Qxe5 Qf6 21.Qe3 Rfd8 22.Rd3 b6
23.Rad1 Rac8 24.Qg3 e5 25.Qg4 Qf4 26.Qe2 Rd7 27.Nd5 Bxd5 28.Rxd5 Rc1 29.Rxc1 Qxc1+
30.Rd1 Qg5 31.Qc4 Qf5 32.Rd3 Qf6 33.Qd5 g5 34.g4 g6 35.b4 Kg7 36.h3 e4 37.Rd4 Qe6
38.Qxe6 fxe6 39.Kf1 Kf6 40.Ke2 Ke5 41.Ke3 Rxd6 42.Rxe4+ Kf6 43.Rc4 Rd5 44.Rc6 Ke5
45.a4 Rd7 46.a5 Kd5 47.Rc8 Rh7 48.f3 Rxh3 49.Rg8 Rh6 50.a6 Kc4 51.Rg7 Kxb4
52.Rxa7 Ka5 53.Ra8 Rh1 54.Kf2 Rh2+ 55.Ke3 Rh1 56.Kf2 Rh2+ 57.Ke3  1/2-1/2

[Event "Pila"]
[Site "Pila"]
[Date "1992.??.??"]
[Round "8"]
[White "Plachetka, Jan"]
[Black "Polgar, Sofia"]
[Result "1/2-1/2"]
[WhiteElo "2460"]
[BlackElo "2415"]

1.e4 c5 2.Nf3 d6 3.d4 cxd4 4.Nxd4 Nf6 5.Nc3 e6 6.Be2 Be7 7.Be3 O-O 8.O-O a6
9.f4 Qc7 10.a4 Nbd7 11.a5 Re8 12.Nb3 b5 13.axb6 Nxb6 14.Na5 Rb8 15.Bd3 e5
16.Kh1  1/2-1/2

[Event "Pila"]
[Site "Pila"]
[Date "1992.??.??"]
[Round "11"]
[White "Polgar, Sofia"]
[Black "Banas, Jan"]
[Result "1-0"]
[WhiteElo "2415"]
[BlackElo "2385"]

1.e4 c5 2.Nf3 d6 3.d4 cxd4 4.Nxd4 Nf6 5.Nc3 Nc6 6.Be3 Ng4 7.Bb5 Nxe3 8.fxe3 Bd7
9.O-O e6 10.Bxc6 bxc6 11.Qf3 Qf6 12.Qe2 Qg5 13.Rf3 Be7 14.Rg3 Qe5 15.Nf3 Qa5
16.Qd2 g6 17.Rf1 h5 18.h4 Qb4 19.Ng5 f6 20.Nh3 e5 21.Rxg6 Bxh3 22.gxh3 Qxb2
23.Rb1 Qa3 24.Rb7 Qa6 25.Rxe7+ Kxe7 26.Rg7+ Kf8 27.Rd7 Rg8+ 28.Kf2 Rg7 29.Qxd6+ Kg8
30.Qe6+ Kh7 31.Nd5 Rf8 32.Qf5+ Kh6 33.Ne7 Rff7 34.Ng8+ Rxg8 35.Rxf7 Rg6 36.Rxf6 Rxf6
37.Qxf6+ Kh7 38.Qe7+ Kg8 39.Qe8+ Kg7 40.Qxe5+ Kf8 41.Qf6+ Ke8 42.Qe6+ Kd8
43.e5 Qa4 44.Qf6+ Kc7 45.Qf7+ Kc8 46.Qf5+ Kd8 47.e6 Qxh4+ 48.Ke2  1-0

[Event "Aarhus"]
[Site "Aarhus"]
[Date "1993.??.??"]
[Round "2"]
[White "Polgar, Sofia"]
[Black "Fries Nielsen, Jens Ove"]
[Result "1/2-1/2"]
[WhiteElo "2415"]
[BlackElo "2400"]

1.e4 e6 2.d4 d5 3.Nc3 Nf6 4.Bg5 dxe4 5.Nxe4 Nbd7 6.Nf3 Be7 7.Nxf6+ Bxf6 8.h4 c5
9.dxc5 O-O 10.c6 bxc6 11.c3 Rb8 12.Qc2 Qa5 13.Nd2 Rxb2 14.Qxb2 Bxc3 15.Qb1 Qe5+
16.Kd1 Bxa1 17.Bd3 h6 18.Re1 Qb2 19.Qxb2 Bxb2 20.Be3 c5 21.Nb3 Bb7 22.Bb5 Rd8
23.Ke2 Bd5 24.Nxc5 Nxc5 25.Bxc5 Bxa2 26.Bxa7 Bf6 27.g3 Bd5 28.Rc1 Ra8 29.Be3 g5
30.hxg5 hxg5 31.Bc6 Ra2+ 32.Kf1 Bxc6 33.Rxc6 Kg7 34.Rc4 Kg6 35.Kg2 Be7 36.g4 Ra6
37.Rc8 f5 38.gxf5+ exf5 39.Rb8 Bf6 40.Rb4 Rd6 41.Rb6 Rd7 42.Bc1 Kf7 43.Rb5 f4
44.Kf3 Kg6 45.Rb6 Kf5 46.Rb5+ Be5 47.Bb2 g4+ 48.Ke2 Re7 49.Kf1 f3 50.Kg1 Kf6
51.Rb6+ Re6 52.Rxe6+ Kxe6 53.Bc1 Kf5 54.Kf1  1/2-1/2

[Event "Aarhus"]
[Site "Aarhus"]
[Date "1993.??.??"]
[Round "6"]
[White "Polgar, Sofia"]
[Black "Mortensen, Erling"]
[Result "1-0"]
[WhiteElo "2415"]
[BlackElo "2445"]

1.e4 c5 2.Nf3 e6 3.d4 cxd4 4.Nxd4 a6 5.Nc3 Qc7 6.Be2 b5 7.O-O Bb7 8.Re1 Nc6
9.Nxc6 dxc6 10.e5 Rd8 11.Bd3 c5 12.Bg5 Be7 13.Qg4 Rd4 14.Qg3 h5 15.Bxe7 Nxe7
16.Be4 b4 17.Bxb7 Qxb7 18.Ne2 Rg4 19.Qh3 Ng6 20.Rad1 O-O 21.Kh1 Rg5 22.f4 Rg4
23.Rf1 Nh4 24.Rf2 g6 25.Ng3 Kg7 26.Nf1 Nf5 27.Ne3 Nxe3 28.Qxe3 g5 29.Rdd2 c4
30.h3 c3 31.bxc3 bxc3 32.Rd4 gxf4 33.Rdxf4 Rg6 34.Qxc3 Qb1+ 35.Kh2 Qxa2 36.Qc7 Kh6
37.Qc5 Rfg8 38.Rxf7 R8g7 39.Qf8 Qd5 40.Qh8+ Kg5 41.R7f4  1-0

[Event "Aarhus"]
[Site "Aarhus"]
[Date "1993.??.??"]
[Round "9"]
[White "Polgar, Sofia"]
[Black "Kjeldsen, Jens"]
[Result "1/2-1/2"]
[WhiteElo "2415"]
[BlackElo "2380"]

1.e4 c5 2.Nf3 Nc6 3.d4 cxd4 4.Nxd4 Nf6 5.Nc3 e5 6.Ndb5 d6 7.Bg5 a6 8.Na3 b5
9.Bxf6 gxf6 10.Nd5 Bg7 11.c3 f5 12.Bd3 Ne7 13.Nxe7 Qxe7 14.Nc2 d5 15.exf5 O-O
16.O-O Rd8 17.a4 e4 18.Be2 bxa4 19.Rxa4 Rd6 20.Ne3 Rb8 21.Nxd5 Qd7 22.Ra5 Rxb2
23.Bxa6 Bxa6 24.Rxa6 Rxa6 25.Nf6+ Bxf6 26.Qxd7 Kg7 27.Qd5 Re2 28.Rb1 Raa2
29.Qd6 Rab2 30.Rd1 Rbc2 31.Qf4 h5 32.h3 Rxc3 33.Rd2 Re1+ 34.Kh2 e3 35.fxe3 Rcxe3
36.Rd5 R1e2 37.Rb5 Re1 38.Rd5  1/2-1/2

[Event "Brno-B"]
[Site "Brno"]
[Date "1993.??.??"]
[Round "1"]
[White "Velicka, Petr"]
[Black "Polgar, Sofia"]
[Result "0-1"]
[WhiteElo "2420"]
[BlackElo "2430"]

1.e4 c5 2.Nf3 e6 3.d4 cxd4 4.Nxd4 a6 5.Bd3 Bc5 6.Nb3 Ba7 7.O-O Nc6 8.Nc3 Nge7
9.Qe2 O-O 10.a4 Nb4 11.Be3 Bxe3 12.Qxe3 b6 13.Nd2 Bb7 14.Rad1 d5 15.exd5 Nexd5
16.Nxd5 Nxd5 17.Qe4 g6 18.Qe5 Qe7 19.Rfe1 Rac8 20.Ne4 Rc6 21.c4 f6 22.Qd4 e5
23.Qxd5+ Re6 24.Bf1 Bxd5 25.cxd5 Rd6 26.Nxd6 Qxd6 27.Bxa6 Qb4 28.Bb5 Rd8
29.Re2 Qc5 30.Red2 Rd6 31.b3 Kg7 32.Bc4 f5 33.Re2 e4 34.Rde1 g5 35.Re3 Qd4
36.Kh1 g4 37.Kg1 h5 38.h4 gxh3 39.Rxh3 Rg6 40.Rxh5 f4 41.Rf5 e3  0-1

[Event "Brno-B"]
[Site "Brno"]
[Date "1993.??.??"]
[Round "2"]
[White "Polgar, Sofia"]
[Black "Sherzer, Alex"]
[Result "0-1"]
[WhiteElo "2430"]
[BlackElo "2500"]

1.e4 e5 2.Nf3 Nc6 3.Bb5 Nf6 4.d4 exd4 5.O-O Bc5 6.e5 Nd5 7.Bg5 Be7 8.Bxe7 Qxe7
9.Nxd4 O-O 10.Re1 Qb4 11.Bxc6 dxc6 12.Nb3 Bg4 13.f3 Bf5 14.c3 Qb6+ 15.Qd4 Nf4
16.Na3 Rfd8 17.Nc4 Qxd4+ 18.Nxd4 Bd3 19.Ne3 Ba6 20.Nef5 c5 21.Nb3 b6 22.Rad1 Nd3
23.Re2 Re8 24.f4 Nxf4 25.Red2 g6 26.Ng3 Rxe5 27.Rd7 Ne6 28.Re7 Bb5 29.c4 Bxc4
30.Rdd7 Rf8 31.Nd2 Bb5 32.Nf3 Re3 33.Rd2 Rd3 34.Rxd3 Bxd3 35.Ne5 Bb1 36.Nc6 a5
37.a3 Kg7 38.Rd7 Bc2  0-1

[Event "Brno-B"]
[Site "Brno"]
[Date "1993.??.??"]
[Round "4"]
[White "Polgar, Sofia"]
[Black "Meduna, Eduard"]
[Result "1-0"]
[WhiteElo "2430"]
[BlackElo "2470"]

1.e4 c6 2.d4 d5 3.exd5 cxd5 4.c4 Nf6 5.Nc3 e6 6.Nf3 Bb4 7.Bd3 dxc4 8.Bxc4 O-O
9.O-O a6 10.a4 Nc6 11.Bg5 Be7 12.Re1 Nb4 13.Qb3 Nc6 14.Qd1 Bd7 15.Qe2 Nb4
16.Ne5 Be8 17.Rad1 Nfd5 18.Nxd5 exd5 19.Bxe7 Qxe7 20.Bb3 a5 21.Qf3 Qd6 22.Rc1 Bc6
23.Re3 Rae8 24.Rce1 f6 25.Nxc6 Rxe3 26.Qxe3 bxc6 27.Bd1 f5 28.Qc3 Qd7 29.Kf1 Re8
30.b3 Re7 31.Rxe7 Qxe7 32.Qe3 Qe4 33.g3 Kf7 34.Bf3 Qd3+ 35.Be2 Qb1+ 36.Kg2 Nc2
37.Qe5 Ne1+ 38.Kh3 Qe4 39.Qxe4 fxe4 40.b4 Ke7 41.bxa5 Kd6 42.Bd1 Nd3 43.Kg2 c5
44.a6 Kc7 45.dxc5 Nxc5 46.f3 Kb6 47.fxe4 Nxe4 48.Bc2 Nc5 49.Bxh7 Kxa6 50.Bc2 Ka5
51.Kf3 Kb4 52.h4 Kc3 53.Bf5 Nxa4 54.h5 Kd4 55.Kf4 Nc3 56.g4 Ne2+ 57.Kg5 Ke5
58.Kg6  1-0

[Event "Brno-B"]
[Site "Brno"]
[Date "1993.??.??"]
[Round "5"]
[White "Stangl, Markus"]
[Black "Polgar, Sofia"]
[Result "1-0"]
[WhiteElo "2525"]
[BlackElo "2430"]

1.c4 e5 2.Nc3 Nf6 3.g3 d5 4.cxd5 Nxd5 5.Bg2 Nb6 6.d3 Be7 7.a4 a5 8.Be3 c6
9.Nf3 N8d7 10.Qb3 Bb4 11.O-O Qe7 12.Na2 Bc5 13.d4 exd4 14.Nxd4 Qf6 15.Nxc6 Qe6
16.Qxe6+ fxe6 17.Nd4 Kf7 18.b3 e5 19.Nf5 Kf6 20.g4 h5 21.Ng3 Ke7 22.Bg5+ Nf6
23.gxh5 Kf7 24.Rac1 Be7 25.Rc7 Nfd5 26.Rfc1 Nxc7 27.Rxc7 Re8 28.Be3 Ra6 29.Be4 Na8
30.Rc2 Rd8 31.Nc1 Be6 32.Bxb7 Rad6 33.Be4 Nb6 34.Nd3 Nd7 35.Nf5 Bxf5 36.Bxf5 Kf6
37.Be4 Rb8 38.Rc3 Ke6 39.Ba7 Rh8 40.Bg6 Ra8 41.Be3 Bf6 42.Rc4 Rb8 43.b4 axb4
44.Nxb4 Nb6 45.Bxb6 Rdxb6 46.Nd3 Rb1+ 47.Kg2 Ra1 48.Be4 Rb6 49.Nc5+ Ke7 50.Nb7 Ra2
51.Bf3 Rb1 52.Rc7+ Kf8 53.Nc5 Raa1 54.Bd5 Rc1 55.Ne6+ Ke8 56.Bc6+ Rxc6 57.Rxc6 Rxa4
58.Rc7  1-0

[Event "Brno-B"]
[Site "Brno"]
[Date "1993.??.??"]
[Round "6"]
[White "Polgar, Sofia"]
[Black "Horvath, Gyula"]
[Result "1-0"]
[WhiteElo "2430"]
[BlackElo "2450"]

1.e4 e5 2.Nf3 Nc6 3.d4 exd4 4.Nxd4 Qh4 5.Nb5 Bc5 6.Qf3 Bb6 7.Be3 Ba5+ 8.Bd2 Bb6
9.Bc3 Nf6 10.Bxf6 Qxf6 11.Qxf6 gxf6 12.N5c3 d6 13.Nd5 f5 14.Nbc3 fxe4 15.Nxe4 Be6
16.Nef6+ Kf8 17.O-O-O Ne7 18.Nxb6 axb6 19.a3 Ra5 20.Bd3 Kg7 21.Ne4 Ng6 22.Nc3 Bd7
23.Be4 Bc6 24.Rhe1 Rc5 25.a4 Ra8 26.Bxc6 bxc6 27.Re3 Rf5 28.f3 h5 29.g3 h4
30.gxh4 Rh8 31.Rd4 d5 32.b4 Rhh5 33.Ne2 c5 34.bxc5 bxc5 35.Rg4 Rxh4 36.Ng3 Rxf3
37.Rxg6+ Kxg6 38.Rxf3 Rxa4 39.Ne2 c6 40.Nf4+ Kg7 41.Nd3 Rh4 42.h3 f6 43.Nxc5 Kf7  1-0

[Event "Budapest FS03 GM"]
[Site "Budapest"]
[Date "1993.??.??"]
[Round "1"]
[White "Polgar, Sofia"]
[Black "Lukacs, Peter"]
[Result "1/2-1/2"]
[WhiteElo "2415"]
[BlackElo "2480"]

1.e4 e5 2.f4 d5 3.exd5 exf4 4.Bc4 Qh4+ 5.Kf1 Bd6 6.Nf3 Qh5 7.Nc3 Ne7 8.d4 O-O
9.Ne5 Qxd1+ 10.Nxd1 Bxe5 11.dxe5 Nd7 12.Bb3 Ng6 13.Kf2 Ndxe5 14.Re1 Re8 15.h3 c5
16.dxc6 bxc6 17.Nc3 Be6 18.Ne2 f3 19.Bxe6 fxe6 20.gxf3 Rf8 21.Ng1 Rf5 22.Kg3 Raf8
23.f4 Nd7 24.Rxe6 c5 25.Ne2 Nf6 26.Kg2 Nd5 27.Re4 Ndxf4+ 28.Nxf4 Nxf4+ 29.Bxf4 Rxf4
30.Rxf4 Rxf4 31.Rd1 Ra4 32.a3 Kf7 33.Rd7+ Kf6 34.Kf3 a5 35.c3 Rc4 36.Rd6+  1/2-1/2

[Event "Budapest FS03 GM"]
[Site "Budapest"]
[Date "1993.??.??"]
[Round "2"]
[White "Sale, Srdjan"]
[Black "Polgar, Sofia"]
[Result "1-0"]
[WhiteElo "2350"]
[BlackElo "2415"]

1.b3 e5 2.Bb2 Nc6 3.c4 Nf6 4.e3 Be7 5.a3 a5 6.Nf3 e4 7.Nd4 Nxd4 8.Bxd4 b6
9.Qc2 Bb7 10.Nc3 O-O 11.Be2 Re8 12.O-O Bd6 13.f4 exf3 14.Bxf3 Bxf3 15.Rxf3 Ng4
16.Qf5 Bxh2+ 17.Kh1 Ne5 18.Rh3 g6 19.Qf1 Ng4 20.Rxh2 c5 21.Rxh7 Kxh7 22.Qxf7+ Kh6
23.Bg7+ Kh5 24.g3 Qe7 25.Qf1 g5 26.Qf5 Qe6 27.Qh7+ Nh6 28.Kg2 Qd6 29.Nd5 Re6
30.Bxh6 Kg4 31.Nf6+ Rxf6 32.Qe4+ Rf4 33.exf4 Qxd2+ 34.Kh1  1-0

[Event "Budapest FS03 GM"]
[Site "Budapest"]
[Date "1993.??.??"]
[Round "5"]
[White "Szalanczy, Emil"]
[Black "Polgar, Sofia"]
[Result "1/2-1/2"]
[WhiteElo "2365"]
[BlackElo "2415"]

1.e4 c5 2.Nf3 e6 3.d4 cxd4 4.Nxd4 a6 5.Bd3 Nf6 6.Nc3 d6 7.Qe2 b5 8.Bd2 Bb7
9.O-O b4 10.Na4 d5 11.e5 Ne4 12.Be3 Nd7 13.f3 Nec5 14.Nxc5 Bxc5 15.f4 Qb6
16.c3 g6 17.a3 bxc3 18.bxc3 O-O 19.Rab1 Qc7 20.h4 Rfe8 21.h5 Bf8 22.hxg6 hxg6
23.Nf3 Nc5 24.Ng5 Be7 25.Bd4 Bc6 26.Rf3 Nxd3 27.Qxd3 Bb5 28.Qe3 Kg7 29.Rg3 Bxg5
30.fxg5 Rh8 31.Qf4 Rh5 32.Qf6+ Kh7 33.Rf3 Rh8 34.a4 Be8 35.Rb6 Kg8 36.Kf2 Rh1
37.Kg3 a5 38.Rd6 Rb1 39.Rd8 Rb8 40.Bb6 Qb7 41.Bxa5 Rxd8 42.Qxd8 Kg7 43.Bb4 Bxa4
44.Qf6+ Kg8 45.Bf8 Rh7 46.Bh6 Qc8 47.Qf4 Bc2 48.Qb4 f5 49.gxf6 Be4 50.Bg7 Rxg7
51.fxg7 Bxf3 52.gxf3 Kxg7 53.Kg4 Qc7 54.Qf4 Qe7 55.Qg5 Qf7 56.f4 Qf8 57.Kh4 Qh8+
58.Kg4 Qf8  1/2-1/2

[Event "Budapest FS03 GM"]
[Site "Budapest"]
[Date "1993.??.??"]
[Round "6"]
[White "Polgar, Sofia"]
[Black "Leko, Peter"]
[Result "0-1"]
[WhiteElo "2415"]
[BlackElo "2555"]

1.e4 c5 2.Nf3 Nc6 3.d4 cxd4 4.Nxd4 g6 5.c4 Nf6 6.Nc3 d6 7.Be2 Nxd4 8.Qxd4 Bg7
9.Bg5 Qa5 10.Qd2 O-O 11.f3 Be6 12.Rc1 Rfc8 13.b3 a6 14.Na4 Qxd2+ 15.Kxd2 Nd7
16.g4 Kf8 17.Be3 Rab8 18.g5 f5 19.exf5 Bxf5 20.f4 b5 21.cxb5 axb5 22.Nc3 Nc5
23.Bxc5 Rxc5 24.b4 Rc6 25.Bd3 Bxd3 26.Kxd3 Rc4 27.a3 Rxf4 28.Rhf1 Rxf1 29.Rxf1+ Ke8
30.Rf4 Bxc3 31.Kxc3 Rc8+ 32.Kb3 e5 33.Rh4 Rc7 34.a4 bxa4+ 35.Kxa4 Re7 36.Re4 d5
37.Re1 Kd7 38.Kb3 Kd6 39.Ra1 e4 40.Kc3 Ke5 41.b5 d4+ 42.Kd2 Rf7  0-1

[Event "Hastings op9394"]
[Site "Hastings"]
[Date "1993.??.??"]
[Round "?"]
[White "Polgar, Sofia"]
[Black "Schmedders, Hans Gerd"]
[Result "1-0"]
[WhiteElo "2415"]
[BlackElo "2295"]

1.e4 c6 2.d4 d5 3.exd5 cxd5 4.c4 Nf6 5.Nc3 g6 6.Qb3 Bg7 7.cxd5 O-O 8.Be2 a5
9.Bf3 Na6 10.a3 e5 11.dxe5 Nc5 12.Qd1 Nfd7 13.Be3 b6 14.e6 Ne5 15.exf7+ Rxf7
16.Be2 Ba6 17.Bxc5 bxc5 18.Nh3 Nd3+ 19.Bxd3 Bxc3+ 20.bxc3 Qxd5 21.O-O Bxd3
22.Re1 c4 23.Qd2 Raf8 24.f3 Qc5+ 25.Kh1 Rb7 26.Nf2 Rb3 27.a4 Bf5 28.Ne4 Bxe4
29.Rxe4 Rfb8 30.Rae1 Rb1 31.h3 Qf5 32.Qd4 Rxe1+ 33.Rxe1 Qd3 34.Qe5 Rb2 35.Qe8+ Kg7
36.Re7+ Kf6 37.Qf8+ Kg5  1-0